Principles of Geotechnical Engineering / (Record no. 16379)

MARC details
000 -LEADER
fixed length control field 00572nam a2200205 a 4500
020 ## - INTERNATIONAL STANDARD BOOK NUMBER
ISBN 0495411302 (hardcover)
020 ## - INTERNATIONAL STANDARD BOOK NUMBER
ISBN 9780495411307 (hardcover)
100 1# - MAIN ENTRY--AUTHOR NAME
Personal name Das, Braja M.
245 10 - TITLE STATEMENT
Title Principles of Geotechnical Engineering /
250 ## - EDITION STATEMENT
Edition statement 8th ed.
260 ## - PUBLICATION, DISTRIBUTION, ETC. (IMPRINT)
Place of publication [S.l.] :
Name of publisher Cengage Learning,
Year of publication 2015.
300 ## - PHYSICAL DESCRIPTION
Number of Pages 688 p. ;
650 ## - SUBJECT ADDED ENTRY--TOPICAL TERM
Topical Term Soil mechanics
650 ## - SUBJECT ADDED ENTRY--TOPICAL TERM
Topical Term Geotechnical engineering
650 ## - SUBJECT ADDED ENTRY--TOPICAL TERM
Topical Term Engineering geology
650 ## - SUBJECT ADDED ENTRY--TOPICAL TERM
Topical Term Rock mechanics
700 ## - ADDED ENTRY--PERSONAL NAME
Personal name Sobhan, Khaled
856 40 - ELECTRONIC LOCATION AND ACCESS
Uniform Resource Identifier http://10.10.170.122:8080/browse/book/12633
942 ## - ADDED ENTRY ELEMENTS (KOHA)
Koha item type Books
Holdings
Withdrawn status Lost status Home library Current library Date acquired Cost, normal purchase price Full call number Accession Number Koha item type
    Seminar Library, Civil Engg. Seminar Library, Civil Engg. 13/07/2016 1215.00 624.151DAS 53987 Books
    Seminar Library, Civil Engg. Seminar Library, Civil Engg. 22/07/2016 1261.00 624.151DA 54612 Books